LIBRARY & INFORMATION CENTRE, KCAET, TAVANUR

ONLINE PUBLIC ACCESS CATALOGUE (OPAC)

Chemistry of engineering materials / (Record no. 1366)

MARC details
000 -LEADER
fixed length control field 00423cam a2200169ua 4500
003 - CONTROL NUMBER IDENTIFIER
control field OSt
008 - FIXED-LENGTH DATA ELEMENTS--GENERAL INFORMATION
fixed length control field 260420b |||||||| |||| 00| 0 eng d
041 ## - LANGUAGE CODE
Language code of text/sound track or separate title eng
082 ## - DEWEY DECIMAL CLASSIFICATION NUMBER
Classification number 660
Item number LEI/CH
100 ## - MAIN ENTRY--AUTHOR NAME
Personal name Leighou, Robert B.
245 ## - TITLE STATEMENT
Title Chemistry of engineering materials /
250 ## - EDITION STATEMENT
Edition statement 4 /
260 ## - PUBLICATION, DISTRIBUTION, ETC. (IMPRINT)
Place of publication New York :
Name of publisher Mc Graw Hill Book Company ,
Year of publication 1953.
300 ## - PHYSICAL DESCRIPTION
Number of Pages 645 ; .
942 ## - ADDED ENTRY ELEMENTS (KOHA)
Koha item type Books
Holdings
Withdrawn status Lost status Damaged status Home library Current library Date acquired Accession Number Koha item type Full call number
      KAUAET KAUAET 07/04/2012 8116 Books  
      KAUAET KAUAET 07/04/2012 8119 Books  
      KAUAET KAUAET 07/04/2012 8117 Books  
Withdrawn     KAUAET KAUAET 03/02/2021 8118 Books 660 LEI/CH
free website counter